[Event "4NCL/Div2/BAR2-BIG2"]
[Site "Rd4-Birmingham"]
[Date "1999.11.21"]
[Round "4.4"]
[White "Georghiou, Paul"]
[Black "Twyble, Michael"]
[Result "1-0"]
[WhiteElo "2243"]
[BlackElo "2214"]
[PlyCount "63"]
[EventDate "1999.11.21"]
[Source "Britbase"]
[SourceDate "2000.01.01"]

1. d4 d5 2. c4 e6 3. Nc3 c6 4. Qb3 Nf6 5. Nf3 dxc4 6. Qxc4 b5 7. Qd3 Ba6 8. Qc2
Nbd7 9. e4 Qb6 10. Be2 Rc8 11. O-O c5 12. e5 cxd4 13. exf6 dxc3 14. Be3 Qb7 15.
fxg7 Bxg7 16. bxc3 Rxc3 17. Qd2 Rxe3 18. Qxe3 Bxa1 19. Rxa1 Rg8 20. Qd3 Nf6 21.
a4 Qb6 22. axb5 Bb7 23. Qe3 Nd5 24. Qxb6 axb6 25. Ra7 Bc8 26. Ne5 Nf4 27. Bf3
Rg5 28. Nxf7 Rc5 29. Bc6+ Kf8 30. h4 e5 31. Ng5 Bf5 32. Rf7+ 1-0

[Event "4NCL/Div2/BAR2-BIG2"]
[Site "Rd4-Birmingham"]
[Date "1999.11.21"]
[Round "4.5"]
[White "D'Costa, Lorin"]
[Black "Thomas, Nick"]
[Result "1/2-1/2"]
[WhiteElo "2215"]
[BlackElo "2215"]
[PlyCount "65"]
[EventDate "1999.11.21"]
[Source "Britbase"]
[SourceDate "2000.01.01"]

1. d4 e6 2. Nf3 Nf6 3. g3 b5 4. Bg2 Bb7 5. O-O c5 6. c3 Qb6 7. Re1 Be7 8. Bg5
h6 9. Bxf6 Bxf6 10. e4 d5 11. dxc5 Qxc5 12. e5 Be7 13. Nbd2 a5 14. Nd4 Nc6 15.
Qg4 O-O 16. N2b3 Qb6 17. Rad1 b4 18. Nxc6 Bxc6 19. Nd4 Rab8 20. c4 Bc5 21. cxd5
Bxd5 22. Bxd5 Rbd8 23. Nxe6 Bxf2+ 24. Kg2 fxe6 25. Qxe6+ Kh8 26. Qxb6 Bxb6 27.
Bf3 Rxd1 28. Rxd1 Re8 29. Rd5 Bc7 30. Rc5 Bxe5 31. b3 Bd6 32. Rxa5 Re5 33. Rxe5
1/2-1/2

[Event "4NCL/Div2/BAR2-BIG2"]
[Site "Rd4-Birmingham"]
[Date "1999.11.21"]
[Round "4.6"]
[White "Hadzimanolis, Antonios"]
[Black "Sands, David"]
[Result "1-0"]
[WhiteElo "2198"]
[BlackElo "2258"]
[PlyCount "41"]
[EventDate "1999.11.21"]
[Source "Britbase"]
[SourceDate "2000.01.01"]

1. e4 c5 2. c3 d5 3. exd5 Qxd5 4. d4 Nf6 5. Nf3 Nc6 6. Be3 cxd4 7. cxd4 e6 8.
Nc3 Qd6 9. a3 Be7 10. Bd3 O-O 11. O-O b6 12. Qe2 Bb7 13. Rad1 Rac8 14. Rfe1
Rfd8 15. Bb1 Qd7 16. Bg5 Qe8 17. d5 Nxd5 18. Nxd5 Bxg5 19. Nxg5 h6 20. Nf3 exd5
21. Qc2 1-0

[Event "4NCL/Div2/BAR2-BIG2"]
[Site "Rd4-Birmingham"]
[Date "1999.11.21"]
[Round "4.7"]
[White "Mack, Andrew"]
[Black "Evans, Raymond"]
[Result "1/2-1/2"]
[WhiteElo "2280"]
[BlackElo "2176"]
[PlyCount "48"]
[EventDate "1999.11.21"]
[Source "Britbase"]
[SourceDate "2000.01.01"]

1. e4 e5 2. Nf3 Nc6 3. d4 exd4 4. Nxd4 Nf6 5. Nxc6 bxc6 6. Bd3 d5 7. e5 Ng4 8.
O-O Bc5 9. Qe2 Qe7 10. Bf4 g5 11. Bd2 Nxe5 12. Re1 Bd6 13. c4 Bg4 14. f3 Be6
15. Bc3 f6 16. Nd2 O-O 17. a3 Rae8 18. b4 c5 19. cxd5 Bxd5 20. Be4 Bxe4 21.
Nxe4 cxb4 22. axb4 Bxb4 23. Bxb4 Qxb4 24. Qa2+ Kg7 1/2-1/2

[Event "4NCL/Div2/BAR2-BIG2"]
[Site "Rd4-Birmingham"]
[Date "1999.11.21"]
[Round "4.8"]
[White "Bhatia, Kanwal"]
[Black "Lang, Heather"]
[Result "1-0"]
[WhiteElo "2030"]
[BlackElo "2066"]
[PlyCount "79"]
[EventDate "1999.11.21"]
[Source "Britbase"]
[SourceDate "2000.01.01"]

1. e4 e5 2. Nf3 Nc6 3. c3 d5 4. Bb5 f6 5. Qa4 Nge7 6. d3 Be6 7. O-O a6 8. Bxc6+
Nxc6 9. Be3 Bd6 10. Nbd2 O-O 11. Qb3 Qe8 12. exd5 Na5 13. Qc2 Bxd5 14. c4 Be6
15. c5 Be7 16. d4 exd4 17. Nxd4 Bf7 18. Rfe1 Nc6 19. N2f3 Nb4 20. Qf5 g6 21.
Qg4 h5 22. Qg3 Kh7 23. Qxc7 Nd3 24. Re2 Nxc5 25. Bf4 g5 26. Rxe7 Qd8 27. Rxf7+
Rxf7 28. Qxf7+ Kh8 29. Nxg5 Qg8 30. Qxf6+ Qg7 31. Be5 Qxf6 32. Bxf6+ Kg8 33.
Rc1 Nd3 34. Rc7 Re8 35. g3 Re1+ 36. Kg2 h4 37. Rg7+ Kf8 38. Nde6+ Ke8 39. Nc7+
Kf8 40. Nh7# 1-0

[Event "4NCL/Div2/BCCA-LG2C"]
[Site "Rd4-Birmingham"]
[Date "1999.11.21"]
[Round "4.1"]
[White "Stephenson, F Norman"]
[Black "Longson, Alex"]
[Result "1/2-1/2"]
[WhiteElo "2212"]
[BlackElo "2169"]
[PlyCount "37"]
[EventDate "1999.11.21"]
[Source "Britbase"]
[SourceDate "2000.01.01"]

1. d4 Nf6 2. c4 d6 3. Nc3 Nbd7 4. Nf3 e5 5. Bg5 Be7 6. e3 Ng4 7. Bxe7 Qxe7 8.
Be2 c6 9. Qc2 O-O 10. dxe5 dxe5 11. Rd1 Ngf6 12. O-O Re8 13. Rd2 Nf8 14. Rfd1
Bg4 15. Ne4 Nxe4 16. Qxe4 Bxf3 17. Bxf3 f6 18. Qc2 Red8 19. h3 1/2-1/2

[Event "4NCL/Div2/BCCA-LG2C"]
[Site "Rd4-Birmingham"]
[Date "1999.11.21"]
[Round "4.2"]
[White "Burgess, Jon"]
[Black "Toothill, John"]
[Result "1-0"]
[WhiteElo "2145"]
[BlackElo "2226"]
[PlyCount "125"]
[EventDate "1999.11.21"]
[Source "Britbase"]
[SourceDate "2000.01.01"]

1. e4 e5 2. Nf3 Nc6 3. Bb5 a6 4. Ba4 Nf6 5. O-O Be7 6. Re1 b5 7. Bb3 d6 8. c3
O-O 9. d4 Bg4 10. d5 Nb8 11. Nbd2 Qd7 12. Nf1 c6 13. dxc6 Nxc6 14. Ne3 Bh5 15.
Nd5 Nxd5 16. Bxd5 Bg6 17. a4 Qc7 18. Qe2 Rab8 19. axb5 axb5 20. Ra6 Rb6 21. Ra2
Bd8 22. Be3 Rb8 23. Ra6 Ne7 24. Ba7 Nxd5 25. Bxb8 Qb7 26. Bxd6 Nf4 27. Qe3 Qxa6
28. Bxf8 Kxf8 29. Nxe5 Ne6 30. Rd1 Qa4 31. Re1 Bg5 32. Qd3 Kg8 33. g3 Qa6 34.
Qd5 Bf6 35. Kg2 Bxe5 36. Qxe5 h5 37. f4 Nf8 38. f5 Bh7 39. Qe8 Qb7 40. Kf1 b4
41. c4 h4 42. Qb5 Qe7 43. Qd5 Qf6 44. Re2 g6 45. Rf2 h3 46. Qd3 gxf5 47. exf5
Ne6 48. Qd6 Bxf5 49. g4 Qg5 50. Rxf5 Qc1+ 51. Kf2 Qxc4 52. Qb8+ Kg7 53. Qe5+
Kg8 54. Kg3 Qd3+ 55. Rf3 Qd2 56. Kh4 Qd8+ 57. Qf6 Qc7 58. g5 Ng7 59. b3 Qd7 60.
g6 fxg6 61. Qxg6 Qd5 62. Qg4 Kh8 63. Kxh3 1-0

[Event "4NCL/Div2/BCCA-LG2C"]
[Site "Rd4-Birmingham"]
[Date "1999.11.21"]
[Round "4.3"]
[White "Hall, Richard"]
[Black "Walton, Alan"]
[Result "0-1"]
[WhiteElo "2120"]
[BlackElo "1928"]
[PlyCount "106"]
[EventDate "1999.11.21"]
[Source "Britbase"]
[SourceDate "2000.01.01"]

1. e4 e6 2. d4 d5 3. e5 c5 4. c3 Nc6 5. Nf3 Bd7 6. a3 c4 7. h4 Na5 8. Nbd2 Bc6
9. Be2 Qd7 10. O-O g6 11. Qe1 Bg7 12. Rb1 Ne7 13. b4 cxb3 14. Nxb3 Nxb3 15.
Rxb3 O-O 16. Bg5 Rfc8 17. Qd2 Rc7 18. Nh2 Ba4 19. Rbb1 Rac8 20. Ng4 Rxc3 21.
Bf6 Nf5 22. Bxg7 Kxg7 23. Nf6 Qe7 24. g4 Rc2 25. Qf4 Rxe2 26. gxf5 exf5 27. Qg5
Rc7 28. Kg2 Bc2 29. Rbc1 Qf8 30. Kg3 h6 31. Nh5+ Kh7 32. Nf6+ Kh8 33. Qf4 Qxa3+
34. f3 Qf8 35. Nxd5 Rc8 36. Nf6 Kg7 37. d5 Qe7 38. d6 Qe6 39. d7 Rd8 40. Ne8+
Rxe8 41. dxe8=Q Qxe8 42. Rf2 Rxf2 43. Kxf2 Ba4 44. e6 Bc6 45. Qe5+ f6 46. Qd6
g5 47. hxg5 hxg5 48. Qc7+ Kg8 49. e7 g4 50. Rd1 Kf7 51. Qh2 Bxf3 52. Qh5+ Kxe7
53. Qxf5 Bxd1 0-1

[Event "4NCL/Div2/BCCA-LG2C"]
[Site "Rd4-Birmingham"]
[Date "1999.11.21"]
[Round "4.4"]
[White "Bentley, John"]
[Black "Wise, David"]
[Result "0-1"]
[WhiteElo "1984"]
[BlackElo "2150"]
[PlyCount "86"]
[EventDate "1999.11.21"]
[Source "Britbase"]
[SourceDate "2000.01.01"]

1. d4 Nf6 2. c4 g6 3. Nc3 d5 4. cxd5 Nxd5 5. e4 Nxc3 6. bxc3 c5 7. Nf3 Bg7 8.
Rb1 O-O 9. Be2 b6 10. O-O Bb7 11. Qc2 e6 12. Rd1 Nd7 13. Qd3 f5 14. Nd2 Kh8 15.
e5 Qc7 16. Bf3 Rfd8 17. Bxb7 Qxb7 18. Qe3 Qd5 19. Rb2 cxd4 20. cxd4 Rac8 21. f4
Rc7 22. Nb1 Rdc8 23. Bd2 Rc4 24. Bb4 a5 25. Bd6 Rc2 26. Rd2 Rc1+ 27. Kf2 Bh6
28. Na3 R8c3 29. Rd3 Rxd3 30. Qxd3 Bxf4 31. Re2 Bxh2 32. Nb5 Bg1+ 33. Kg3 Nc5
34. Bxc5 bxc5 35. Qd2 Rc4 36. Qg5 Bxd4 37. Qf6+ Kg8 38. Nd6 Bxe5+ 39. Qxe5 Rg4+
40. Kf2 Rxg2+ 41. Kf1 Qf3+ 42. Ke1 Rxe2+ 43. Qxe2 Qg3+ 0-1

[Event "4NCL/Div2/BCCA-LG2C"]
[Site "Rd4-Birmingham"]
[Date "1999.11.21"]
[Round "4.5"]
[White "Savory, Richard"]
[Black "Ashton, Adam"]
[Result "1/2-1/2"]
[WhiteElo "2100"]
[BlackElo "1840"]
[PlyCount "75"]
[EventDate "1999.11.21"]
[Source "Britbase"]
[SourceDate "2000.01.01"]

1. e4 e5 2. Nf3 Nc6 3. d4 exd4 4. c3 d5 5. exd5 Qxd5 6. cxd4 Bg4 7. Be2 Bxf3 8.
Bxf3 Qc4 9. Bxc6+ bxc6 10. Qe2+ Qxe2+ 11. Kxe2 O-O-O 12. Be3 Ne7 13. Nd2 Nf5
14. Nb3 Bb4 15. a3 Be7 16. g4 Nxe3 17. fxe3 h5 18. h3 Rde8 19. Kd3 c5 20. Nxc5
Bxc5 21. dxc5 Re5 22. Rac1 hxg4 23. hxg4 Rxh1 24. Rxh1 Rxc5 25. Rf1 f6 26. Rf5
Rc1 27. g5 fxg5 28. Rxg5 Rd1+ 29. Kc4 Rd7 30. e4 Re7 31. e5 Kd7 32. Kd5 c6+ 33.
Kc5 Kc7 34. e6 Rxe6 35. Rxg7+ Kb8 36. b4 Re3 37. Kxc6 Rc3+ 38. Kb5 1/2-1/2

[Event "4NCL/Div2/BCCA-LG2C"]
[Site "Rd4-Birmingham"]
[Date "1999.11.21"]
[Round "4.6"]
[White "Gordon, Stephen"]
[Black "Donnelly, Martin"]
[Result "1/2-1/2"]
[WhiteElo "1912"]
[BlackElo "2008"]
[PlyCount "50"]
[EventDate "1999.11.21"]
[Source "Britbase"]
[SourceDate "2000.01.01"]

1. d4 Nf6 2. c4 e6 3. Nc3 c5 4. d5 exd5 5. cxd5 d6 6. g3 g6 7. Bg2 Bg7 8. Nf3
O-O 9. O-O Re8 10. Nd2 a6 11. a4 Nbd7 12. Re1 Rb8 13. a5 b5 14. axb6 Nxb6 15.
Nb3 Nc4 16. Na4 Bd7 17. Qc2 Bb5 18. Nc3 Qb6 19. Nd1 Re7 20. Ne3 Nxe3 21. Bxe3
Rbe8 22. Bf3 Nd7 23. Bf4 Ne5 24. Bxe5 Bxe5 25. e3 Rc7 1/2-1/2

[Event "4NCL/Div2/BCCA-LG2C"]
[Site "Rd4-Birmingham"]
[Date "1999.11.21"]
[Round "4.7"]
[White "Milnes, Anthony"]
[Black "Keech, Paul"]
[Result "1-0"]
[WhiteElo "2056"]
[BlackElo "1880"]
[PlyCount "95"]
[EventDate "1999.11.21"]
[Source "Britbase"]
[SourceDate "2000.01.01"]

1. e4 g6 2. d4 Bg7 3. Nc3 d6 4. Be3 Nf6 5. f3 c6 6. Qd2 O-O 7. Bh6 Nbd7 8. Nh3
e5 9. Bxg7 Kxg7 10. dxe5 Nxe5 11. Nf2 Qe7 12. Be2 b5 13. O-O a5 14. Rae1 b4 15.
Ncd1 Be6 16. Ne3 Nh5 17. g3 Nf6 18. f4 Ned7 19. f5 Bxa2 20. Neg4 Ng8 21. b3 a4
22. Ra1 gxf5 23. Ne3 Nh6 24. Rxa2 axb3 25. Rxa8 Rxa8 26. cxb3 Qe5 27. Nxf5+
Nxf5 28. Qg5+ Kf8 29. Qxf5 Qxf5 30. exf5 Nc5 31. Nd3 Nxb3 32. Nxb4 c5 33. Nd5
Nd4 34. Bd3 Ra3 35. Nf4 Kg7 36. f6+ Kxf6 37. Bxh7 Kg7 38. Be4 f5 39. Bd5 Kf6
40. Kg2 Nc2 41. Rf2 Ne3+ 42. Kh3 c4 43. Re2 Ke5 44. Bxc4 Kd4 45. Be6 Ra7 46.
Kh4 Rg7 47. Kh5 Rc7 48. Rxe3 1-0

[Event "4NCL/Div2/BCCA-LG2C"]
[Site "Rd4-Birmingham"]
[Date "1999.11.21"]
[Round "4.8"]
[White "Roberts, Elizabeth"]
[Black "Khoo, Teresa"]
[Result "0-1"]
[WhiteElo "1208"]
[BlackElo "1296"]
[PlyCount "82"]
[EventDate "1999.11.21"]
[Source "Britbase"]
[SourceDate "2000.01.01"]

1. e4 c5 2. Nc3 g6 3. g3 Bg7 4. Bg2 e6 5. d3 Ne7 6. Be3 d6 7. Qd2 Nbc6 8. Bh6
Bxh6 9. Qxh6 Qb6 10. O-O-O Bd7 11. Qf4 e5 12. Qf6 O-O-O 13. Nf3 h6 14. h4 Be6
15. Nd2 Rhe8 16. Nd5 Qa6 17. a3 Kb8 18. Qf3 Nd4 19. Qe3 Qa4 20. Nb3 Nxb3+ 21.
cxb3 Qxb3 22. Nc3 Nc6 23. Rd2 Rc8 24. Bf3 Nd4 25. Bd1 Qb6 26. Nd5 Bxd5 27. exd5
c4 28. Bc2 cxd3 29. Qxd3 Nb3+ 30. Kb1 Nxd2+ 31. Qxd2 Rc5 32. Rc1 Rec8 33. Ka1
Qc7 34. Kb1 Rc4 35. Qd3 Rd4 36. Qb3 Qb6 37. Qe3 Rxd5 38. Qe4 Rb5 39. Ka1 Rxb2
40. Qd3 Rb5 41. Qe2 Qd4+ 0-1

[Event "4NCL/Div2/GU2-NID"]
[Site "Rd4-Birmingham"]
[Date "1999.11.21"]
[Round "4.1"]
[White "Richardson, Keith"]
[Black "Williams, Leighton"]
[Result "1/2-1/2"]
[WhiteElo "2216"]
[BlackElo "2280"]
[PlyCount "100"]
[EventDate "1999.11.21"]
[Source "Britbase"]
[SourceDate "2000.01.01"]

1. e4 c5 2. Nf3 e6 3. d4 cxd4 4. Nxd4 Qb6 5. Nb3 Qc7 6. Bd3 Nf6 7. O-O d5 8.
Nc3 dxe4 9. Nxe4 Nbd7 10. Nxf6+ Nxf6 11. Bg5 Bd7 12. Bxf6 gxf6 13. Qh5 Qe5 14.
Qxe5 fxe5 15. Rfe1 Bd6 16. Na5 Bc7 17. Nxb7 Rb8 18. Nc5 Rxb2 19. Nxd7 Kxd7 20.
a4 a5 21. Reb1 Rxb1+ 22. Rxb1 f5 23. f3 Rd8 24. Kf1 Kc6 25. Ke2 Rg8 26. Kf1 h5
27. Bc4 Rg6 28. Bb5+ Kc5 29. Be8 Rh6 30. Rb7 Kd6 31. Rb3 Ke7 32. Bb5 Rh8 33.
Rc3 Bd6 34. h3 Rd8 35. Rc6 Kf6 36. Bc4 Ke7 37. Ra6 Rc8 38. Bb3 Rc5 39. Ke2 h4
40. Kd3 Kd7 41. Ra7+ Bc7 42. Ra6 Rc6 43. Rxc6 Kxc6 44. Bxe6 f4 45. Kc4 Bd6 46.
Bf5 Bc5 47. Be4+ Kd6 48. c3 Bf2 49. Kb5 Be1 50. c4 Kc7 1/2-1/2

[Event "4NCL/Div2/GU2-NID"]
[Site "Rd4-Birmingham"]
[Date "1999.11.21"]
[Round "4.2"]
[White "Fish, Andrew"]
[Black "Sharp, Peter"]
[Result "0-1"]
[WhiteElo "2116"]
[BlackElo "2144"]
[PlyCount "76"]
[EventDate "1999.11.21"]
[Source "Britbase"]
[SourceDate "2000.01.01"]

1. e4 Nf6 2. e5 Nd5 3. d4 d6 4. c4 Nb6 5. f4 dxe5 6. fxe5 g6 7. Nc3 Bg7 8. Be3
O-O 9. Nf3 c5 10. d5 Bg4 11. Bf4 N8d7 12. Qe2 Qb8 13. Qe4 Bxf3 14. gxf3 Bxe5
15. Bh6 Re8 16. O-O-O Nf6 17. Qe3 Nbd7 18. h4 Bd4 19. Rxd4 cxd4 20. Qxd4 Qe5
21. Qd2 Qf5 22. h5 Nxh5 23. Bh3 Qxf3 24. Bg2 Qg3 25. Ne4 Qg4 26. Bg5 Ndf6 27.
Rh4 Nxe4 28. Bxe4 Qg1+ 29. Kc2 Rac8 30. Bd3 b5 31. b3 Qa1 32. Qe3 bxc4 33. bxc4
Qxa2+ 34. Kd1 Qa1+ 35. Ke2 e6 36. d6 Rb8 37. Qf3 Qe5+ 38. Be3 Red8 0-1

[Event "4NCL/Div2/GU2-NID"]
[Site "Rd4-Birmingham"]
[Date "1999.11.21"]
[Round "4.3"]
[White "Noyce, Robert"]
[Black "Morris, Gareth"]
[Result "1-0"]
[WhiteElo "2177"]
[BlackElo "2150"]
[PlyCount "117"]
[EventDate "1999.11.21"]
[Source "Britbase"]
[SourceDate "2000.01.01"]

1. e4 c5 2. Nc3 Nc6 3. f4 g6 4. Nf3 Bg7 5. Bb5 Nd4 6. Bd3 e6 7. Nxd4 cxd4 8.
Nb5 d6 9. c3 dxc3 10. dxc3 a6 11. Qa4 Kf8 12. Qa3 Bf6 13. Qxd6+ Kg7 14. Qxd8
Bxd8 15. Nd6 Bh4+ 16. g3 Be7 17. Nxc8 Rxc8 18. Be3 h5 19. O-O Nf6 20. Bd4 Rhd8
21. Rad1 Bc5 22. Bxc5 Rxc5 23. Bc2 Rdc8 24. h3 Kf8 25. Rd4 Rb5 26. Bb3 Ke7 27.
e5 Ne8 28. Rfd1 Rc7 29. Rd8 Rbc5 30. Rb8 g5 31. Rdd8 Ng7 32. Rg8 gxf4 33. gxf4
Nf5 34. Rbd8 Ng7 35. Rb8 Nf5 36. Rbe8+ Kd7 37. Rd8+ Kc6 38. Bc2 Rc4 39. Bxf5
exf5 40. Rd4 Rxd4 41. cxd4 Kd5 42. Rd8+ Ke4 43. d5 Kxf4 44. e6 Kg3 45. Rg8+ Kf3
46. d6 Rc1+ 47. Kh2 Rc2+ 48. Kh1 fxe6 49. d7 Rd2 50. d8=Q Rxd8 51. Rxd8 e5 52.
Rd3+ Ke4 53. Rb3 b5 54. Kg2 f4 55. Kf2 Kf5 56. Ra3 Ke4 57. Rxa6 Kd3 58. Ra3+
Kd2 59. Kf3 1-0

[Event "4NCL/Div2/GU2-NID"]
[Site "Rd4-Birmingham"]
[Date "1999.11.21"]
[Round "4.4"]
[White "Johnston, Dafydd"]
[Black "Punnett, Alan"]
[Result "1-0"]
[WhiteElo "2170"]
[BlackElo "2149"]
[PlyCount "49"]
[EventDate "1999.11.21"]
[Source "Britbase"]
[SourceDate "2000.01.01"]

1. e4 e6 2. d4 d5 3. Nc3 Bb4 4. e5 c5 5. a3 Bxc3+ 6. bxc3 Qc7 7. Nf3 Ne7 8. a4
b6 9. Bb5+ Bd7 10. Bd3 Nbc6 11. O-O Na5 12. Ng5 h6 13. Qh5 g6 14. Qh4 Nf5 15.
Bxf5 gxf5 16. Nxf7 Kxf7 17. Qf6+ Kg8 18. Qg6+ Kf8 19. Bxh6+ Rxh6 20. Qxh6+ Kg8
21. f4 Qd8 22. Rf3 Qf8 23. Rg3+ Kf7 24. Qh7+ Ke8 25. Rg8 1-0

[Event "4NCL/Div2/GU2-NID"]
[Site "Rd4-Birmingham"]
[Date "1999.11.21"]
[Round "4.5"]
[White "Shepley, Julien"]
[Black "Jones, Richard S"]
[Result "0-1"]
[WhiteElo "2148"]
[BlackElo "2052"]
[PlyCount "101"]
[EventDate "1999.11.21"]
[Source "Britbase"]
[SourceDate "2000.01.01"]

1. d4 g6 2. e4 Nf6 3. Nc3 d5 4. e5 Nh5 5. Be2 Ng7 6. Bf3 e6 7. Nh3 Be7 8. Be3
c5 9. dxc5 Nc6 10. Bd4 Nf5 11. Ne2 Nfxd4 12. Nxd4 Nxe5 13. Nb3 Nd7 14. Qe2 O-O
15. O-O Nxc5 16. Nd4 Bf6 17. Rad1 Qb6 18. c3 e5 19. Nc2 Bxh3 20. gxh3 e4 21.
Bg2 Nd3 22. Nb4 Nxb4 23. cxb4 Rad8 24. a3 Be5 25. Kh1 f5 26. f4 Bg7 27. Rd2
Rfe8 28. Re1 d4 29. Qc4+ Qe6 30. Qb5 Qc6 31. Qf1 Qa6 32. Qxa6 bxa6 33. Bf1 d3
34. Kg2 Bd4 35. Red1 Rc8 36. Kg3 Rc2 37. Rxc2 dxc2 38. Bc4+ Kh8 39. Rc1 Bxb2
40. Rxc2 Bxa3 41. Bxa6 Bxb4 42. Rc7 Re7 43. Rc8+ Kg7 44. Bc4 h6 45. Rg8+ Kh7
46. Ra8 Bd6 47. h4 g5 48. hxg5 hxg5 49. Rf8 gxf4+ 50. Kh4 Rc7 51. Be6 0-1

[Event "4NCL/Div2/GU2-NID"]
[Site "Rd4-Birmingham"]
[Date "1999.11.21"]
[Round "4.6"]
[White "Gandy, Andrew"]
[Black "Johnson, Derek"]
[Result "1-0"]
[WhiteElo "2085"]
[BlackElo "2032"]
[PlyCount "71"]
[EventDate "1999.11.21"]
[Source "Britbase"]
[SourceDate "2000.01.01"]

1. d4 e6 2. Nf3 b6 3. e4 Bb7 4. Bd3 d6 5. c4 Nd7 6. Nc3 Ngf6 7. O-O e5 8. d5 g6
9. Bg5 Bg7 10. Qc1 h6 11. Be3 Qe7 12. b4 g5 13. Nb5 Nb8 14. c5 Na6 15. c6 Bc8
16. Qb2 O-O 17. Nc3 Nh5 18. Nd2 Nf4 19. Bc4 f5 20. exf5 e4 21. Qa3 Nb8 22. Rae1
Bxf5 23. Bxf4 gxf4 24. Ncxe4 Qf7 25. Nf3 Nxc6 26. Ned2 Ne7 27. Qb3 Kh8 28. Nh4
Qf6 29. Nxf5 Nxf5 30. Re6 Qc3 31. Nf3 a5 32. Qxc3 Bxc3 33. b5 Kg7 34. Bd3 Rf7
35. Rc1 Nd4 36. Rg6+ 1-0

[Event "4NCL/Div2/GU2-NID"]
[Site "Rd4-Birmingham"]
[Date "1999.11.21"]
[Round "4.7"]
[White "Norman, Dinah"]
[Black "Tabatabai, John"]
[Result "1/2-1/2"]
[WhiteElo "2052"]
[BlackElo "1865"]
[PlyCount "43"]
[EventDate "1999.11.21"]
[Source "Britbase"]
[SourceDate "2000.01.01"]

1. d4 Nf6 2. Nf3 g6 3. Bg5 Bg7 4. Nbd2 d5 5. e3 Bf5 6. c3 c6 7. Qb3 Qb6 8. Be2
Nbd7 9. h3 h6 10. Bf4 g5 11. Be5 Nxe5 12. Nxe5 Nd7 13. f4 Nxe5 14. fxe5 e6 15.
Qxb6 axb6 16. O-O O-O 17. a3 b5 18. Nf3 f6 19. exf6 Bxf6 20. Nh2 Kg7 21. Ng4
Bxg4 22. Bxg4 1/2-1/2

[Event "4NCL/Div2/GU2-NID"]
[Site "Rd4-Birmingham"]
[Date "1999.11.21"]
[Round "4.8"]
[White "Wilson, Julie"]
[Black "Ramsdale, John"]
[Result "0-1"]
[WhiteElo "1685"]
[BlackElo "1896"]
[PlyCount "68"]
[EventDate "1999.11.21"]
[Source "Britbase"]
[SourceDate "2000.01.01"]

1. d4 Nf6 2. c4 c5 3. d5 b5 4. Nf3 g6 5. Nbd2 Bg7 6. e4 d6 7. Bd3 O-O 8. O-O
bxc4 9. Nxc4 Ba6 10. Qc2 Nbd7 11. Qa4 Bxc4 12. Qxc4 Rb8 13. h3 Nb6 14. Qc2 c4
15. Be2 Qc7 16. Nd4 Nfxd5 17. Nb5 Nb4 18. Qd2 Qc5 19. Nc3 Rfc8 20. a3 Nc6 21.
Bg4 Rc7 22. Qe1 Ne5 23. Be3 Qc6 24. Be2 Na4 25. Nd5 Rcb7 26. Rb1 e6 27. f4 Nd3
28. Bxd3 cxd3 29. Rc1 Qb5 30. Nb4 Bxb2 31. Rd1 Nc3 32. Rxd3 a5 33. Bd4 axb4 34.
Rdf3 Ne2+ 0-1

[Event "4NCL/Div2/IKHH2-SL2"]
[Site "Rd4-Birmingham"]
[Date "1999.11.21"]
[Round "4.1"]
[White "Cooper, Andrew G"]
[Black "Houska, Jovanka"]
[Result "1-0"]
[WhiteElo "2151"]
[BlackElo "2251"]
[PlyCount "101"]
[EventDate "1999.11.21"]
[Source "Britbase"]
[SourceDate "2000.01.01"]

1. d4 d5 2. c4 c6 3. Nf3 Nf6 4. Nc3 a6 5. g3 Bf5 6. Qb3 Ra7 7. Bf4 e6 8. Bg2 h6
9. O-O Be7 10. a4 Nbd7 11. Ne5 O-O 12. a5 Nxe5 13. Bxe5 Nd7 14. Bf4 b6 15. e4
dxe4 16. Nxe4 bxa5 17. Nd6 Bh7 18. Nb7 Qb6 19. Qxb6 Nxb6 20. Nxa5 Rd7 21. Nxc6
Bf6 22. b3 Bd3 23. Rfc1 Kh7 24. Rxa6 Nd5 25. Ne5 Bxe5 26. Bxe5 f6 27. Rxe6 fxe5
28. Bxd5 exd4 29. Rd1 Bf5 30. Re5 Bh3 31. Rxd4 Ra7 32. f4 g5 33. Re2 Ra3 34. c5
Rc8 35. c6 Ra1+ 36. Kf2 Kg6 37. b4 Rc1 38. Ke3 Bg4 39. Rf2 Re1+ 40. Kd2 Rce8
41. Bf3 Bxf3 42. Rxf3 R8e2+ 43. Kd3 Rxh2 44. c7 Rc1 45. Rc4 Rd1+ 46. Ke4 Rd7
47. Rc6+ Kh5 48. c8=Q Re2+ 49. Kf5 Rf7+ 50. Rf6 g4 51. Qh8 1-0

[Event "4NCL/Div2/IKHH2-SL2"]
[Site "Rd4-Birmingham"]
[Date "1999.11.21"]
[Round "4.2"]
[White "Richmond, Robert"]
[Black "Alfred, Nathan"]
[Result "0-1"]
[WhiteElo "2237"]
[BlackElo "2198"]
[PlyCount "42"]
[EventDate "1999.11.21"]
[Source "Britbase"]
[SourceDate "2000.01.01"]

1. d4 Nf6 2. c4 g6 3. Nc3 Bg7 4. e4 d6 5. f3 O-O 6. Bg5 a6 7. Bd3 c5 8. d5 Nbd7
9. Qd2 Ne5 10. Be2 b5 11. cxb5 axb5 12. f4 b4 13. fxe5 bxc3 14. Qc2 cxb2 15.
Rb1 Nxe4 16. Nf3 Qa5+ 17. Kf1 Nxg5 18. Nxg5 Bxe5 19. h4 Bf5 20. Bd3 Bxd3+ 21.
Qxd3 Qa6 0-1

[Event "4NCL/Div2/IKHH2-SL2"]
[Site "Rd4-Birmingham"]
[Date "1999.11.21"]
[Round "4.3"]
[White "Lock, Gavin"]
[Black "Armstrong, Malcolm"]
[Result "0-1"]
[WhiteElo "2103"]
[BlackElo "2152"]
[PlyCount "98"]
[EventDate "1999.11.21"]
[Source "Britbase"]
[SourceDate "2000.01.01"]

1. e4 c6 2. Nf3 d5 3. Nc3 dxe4 4. Nxe4 Nf6 5. Nxf6+ gxf6 6. g3 c5 7. d4 Bg4 8.
d5 e5 9. h3 Bh5 10. Bb5+ Nd7 11. Bxd7+ Qxd7 12. Nxe5 Qf5 13. Ng4 Qe4+ 14. Qe2
Qxe2+ 15. Kxe2 f5 16. f3 fxg4 17. hxg4 Bg6 18. c3 c4 19. Be3 Bg7 20. Kf2 O-O
21. Bc5 Rfd8 22. Rad1 Bd3 23. Rh5 Rd7 24. d6 b6 25. Ba3 Re8 26. Re1 Rxe1 27.
Kxe1 Bb1 28. Kd2 Bxa2 29. Ke3 Bb1 30. f4 h6 31. Rd5 Kf8 32. f5 Bf6 33. Kf4 Ke8
34. Rd1 Bd3 35. Rh1 Bg5+ 36. Ke5 Be2 37. Re1 Bxg4 38. Re4 Bf3 39. Rxc4 Bd8 40.
f6 h5 41. Rf4 Bg4 42. Kd5 a5 43. Kc6 Ra7 44. c4 Bd7+ 45. Kd5 Be6+ 46. Kc6 Ra8
47. Re4 Rc8+ 48. Kb5 Kd7 49. b3 Bxf6 0-1

[Event "4NCL/Div2/IKHH2-SL2"]
[Site "Rd4-Birmingham"]
[Date "1999.11.21"]
[Round "4.4"]
[White "Ghasi, Ameet"]
[Black "Garner, David"]
[Result "1-0"]
[WhiteElo "2032"]
[BlackElo "2100"]
[PlyCount "191"]
[EventDate "1999.11.21"]
[Source "Britbase"]
[SourceDate "2000.01.01"]

1. Nf3 Nf6 2. d4 g6 3. g3 Bg7 4. Bg2 O-O 5. c4 d6 6. O-O Nbd7 7. Nc3 c6 8. h3
e5 9. e4 Qb6 10. Rb1 Qb4 11. dxe5 Nxe5 12. Nxe5 dxe5 13. Qd3 Nd7 14. Be3 Re8
15. a3 Qa5 16. Qc2 Nf8 17. Ne2 Ne6 18. Rfd1 h5 19. h4 Qc7 20. b4 b6 21. Rd2 Bb7
22. Rbd1 Red8 23. Nc1 Rxd2 24. Rxd2 a5 25. Nd3 axb4 26. axb4 c5 27. bxc5 bxc5
28. Rd1 Nd4 29. Bxd4 cxd4 30. Qb3 Ba6 31. Rc1 Bh6 32. Rc2 Rc8 33. Bh3 Rb8 34.
Qa4 Bb7 35. Bg2 Bc6 36. Qa3 Bf8 37. Qc1 Rb3 38. Qd2 Qd8 39. Rb2 Bg7 40. Qc2
Rxb2 41. Qxb2 Qa8 42. Qe2 Qa1+ 43. Kh2 Qc3 44. Nb2 Bd7 45. Nd1 Qc1 46. Bf1 Bh6
47. Kg2 Bd2 48. f3 Ba4 49. Nf2 Be3 50. Nd3 Qxc4 51. Nxe5 Qc5 52. Nxg6 fxg6 53.
Qa2+ Kh7 54. Qxa4 Qc3 55. Qc4 Qd2+ 56. Qe2 Qxe2+ 57. Bxe2 Kg7 58. Bd3 Bd2 59.
Kf2 Ba5 60. Bc4 Bb6 61. Ke2 Kf6 62. f4 Ba5 63. e5+ Kg7 64. Bd3 Bb4 65. Be4 Ba5
66. Bb1 Bb4 67. Bd3 Ba5 68. Kf2 Bb4 69. Kf3 Kf7 70. g4 hxg4+ 71. Kxg4 Be7 72.
Bc4+ Kg7 73. h5 Bd8 74. hxg6 Kxg6 75. f5+ Kg7 76. Kf4 Bh4 77. Ke4 Bd8 78. Kxd4
Be7 79. Kd5 Kf7 80. Kc6+ Kg7 81. Kd7 Bg5 82. Ke6 Bf4 83. f6+ Kf8 84. Kf5 Bd2
85. Ke6 Bc3 86. Kd5 Ke8 87. Ke6 Kf8 88. Kf5 Bb2 89. e6 Ba3 90. Ke4 Ke8 91. Bb5+
Kf8 92. Kd5 Bb4 93. Kc6 Ke8 94. Kc7+ Kf8 95. Kd7 Ba3 96. e7+ 1-0